Music Quiz

Random Music or Lyrics Quiz

Lyrics - 'Shape of You' by Ed Sheeran Quiz Stats

 Plays Quiz not verified by Sporcle

Score 0/298 Timer 08:00
1 Play Today
% Correct
I
99.3%
I
99.3%
I
99.3%
I
99.3%
The
98.8%
the
98.8%
the
98.8%
the
98.8%
the
98.8%
the
98.8%
the
98.8%
the
98.8%
the
98.8%
the
98.8%
the
98.8%
the
98.8%
the
98.8%
the
98.8%
a
98.7%
a
98.7%
a
98.7%
[Pre-Chorus]
98.7%
[Chorus]
98.7%
a
98.7%
[repeats x2]
98.7%
a
98.7%
a
98.7%
[Pre-Chorus + Chorus repeats]
98.7%
[repeats x7]
98.7%
[Chorus repeats]
98.7%
love
98.3%
love
98.3%
love
98.3%
love
98.3%
love
98.3%
love
98.3%
love
98.3%
and
97.8%
and
97.8%
and
97.8%
and
97.8%
and
97.8%
And
97.8%
and
97.8%
and
97.8%
And
97.8%
and
97.8%
and
97.8%
and
97.8%
and
97.8%
and
97.8%
And
97.8%
and
97.8%
and
97.8%
be
96.9%
be
96.9%
you
96.4%
you
96.4%
you
96.4%
you
96.4%
you
96.4%
You
96.4%
you
96.4%
in
96.1%
in
96.1%
in
96.1%
in
96.1%
in
96.1%
in
96.1%
in
96.1%
in
96.1%
in
96.1%
to
96%
to
96%
my
95.9%
my
95.9%
my
95.9%
my
95.9%
my
95.9%
my
95.9%
my
95.9%
my
95.9%
my
95.9%
my
95.9%
Me
95.8%
me
95.8%
me
95.8%
me
95.8%
me
95.8%
me
95.8%
me
95.8%
is
95.7%
is
95.7%
is
95.7%
So
95.3%
So
95.3%
go
94%
go
94%
with
93.5%
with
93.5%
% Correct
with
93.5%
with
93.5%
with
93.5%
with
93.5%
we
93.5%
we
93.5%
We
93.5%
we
93.5%
We
93.5%
shape
93.2%
shape
93.2%
of
92.7%
of
92.7%
do
92.4%
like
92.2%
like
92.2%
like
92.2%
like
92.2%
like
92.2%
where
92.1%
I'm
92%
I'm
92%
I'm
92%
I'm
92%
I'm
92%
I'm
92%
I'm
92%
bar
91.8%
club
91.7%
your
91.7%
Your
91.7%
your
91.7%
your
91.7%
your
91.7%
your
91.7%
your
91.7%
best
91.6%
place
91.4%
find
90.6%
friends
90.3%
Come
90.1%
on
90.1%
Come
90.1%
on
90.1%
on
90.1%
on
90.1%
Come
90.1%
on
90.1%
Come,
90.1%
come
90.1%
on
90.1%
on
90.1%
Come
90.1%
on,
90.1%
come
90.1%
on
90.1%
isn't
89.4%
talk
89.2%
talk
89.2%
talk
89.2%
body
89%
body
89%
body
89%
body
89%
now
87.3%
now
87.3%
now,
87.3%
now,
87.3%
now,
87.3%
now
87.3%
lover
86%
doing
84.2%
doing
84.2%
hand,
83.9%
shots,
83.8%
slow
83.8%
Girl,
83.6%
table
83%
at
82.9%
for
82.3%
for
82.3%
pull
82%
push
81.9%
then
81.8%
then
81.8%
then
81.8%
want
81.5%
too
80.9%
too,
80.9%
know
80.5%
lead
80.3%
lead
80.3%
lead'
80.3%
follow
80.2%
follow
80.2%
follow
80.2%
magnet
79.1%
were
78.9%
We're
78.9%
somebody
78.6%
% Correct
Put
78%
put
78%
start
77.8%
start
77.8%
smell
77%
fast
76.4%
room
76.1%
night
75.9%
was
74.9%
last
74.9%
it
74.6%
dance
74.5%
up
74.1%
up
74.1%
up
74.1%
conversation
73.8%
give
73.6%
drinking
73.5%
much
72.9%
over
72.9%
that
72.8%
bedsheets
72.7%
trust
72.4%
let
72.4%
not
72.2%
heart
72%
handmade
71.4%
'Boy,
71.4%
I'll
71.3%
don't
71.3%
Oh—i—oh—i—oh—i—oh—i
71.3%
just
71.2%
chance
70.5%
crazy,
70.3%
new
69.5%
new
69.5%
singing
69.3%
singing
69.3%
let's
69.3%
Every
68.6%
Every
68.6%
brand
68%
brand
68%
waist
67.4%
something
67.2%
something
67.2%
mind
67.2%
Grab
67.1%
may
66.8%
jukebox
66.5%
Say,
66.1%
day
63.8%
day
63.8%
falling
63.5%
Man
60.1%
discovering
59%
discovering
59%
first
59%
date
58.8%
Take
57.5%
our
56.9%
hours
56.4%
hours
56.4%
baby,
56.1%
out
54.7%
going
54%
family
53.4%
okay
53.2%
sweet
53.1%
sour
51.8%
taxi,
51.8%
how
51.5%
stop
51.2%
about
50.5%
play'
49.4%
kiss
49.1%
story
48.8%
backseat
48.6%
begin
48.6%
radio
48.4%
all
48.4%
plate
47.8%
Fill
47.4%
fill
47.4%
can
47%
are
46.2%
Although
44.4%
driver
44.4%
bag
43.8%
'Make
43.8%
eat
42.4%
get
42.3%
thrifty
41%
Tell
40.4%
Van
40.1%
One
36.6%
week
35.8%
Leave
19.2%

You're not logged in!

Compare scores with friends on all Sporcle quizzes.
OR
Log In

You Might Also Like...

Show Comments

Extras

Top Quizzes Today


Score Distribution

Your Account Isn't Verified!

In order to create a playlist on Sporcle, you need to verify the email address you used during registration. Go to your Sporcle Settings to finish the process.

Report this User

Report this user for behavior that violates our Community Guidelines.

Details: